000 00402nam a2200133Ia 4500
008 151001s9999||||xx |||||||||||||| ||und||
100 _aश्याम मोहन अस्थाना
245 _aखुबसुरत शताब्दी बदसुरत लोग
250 _a1
260 _bअभिव्यक्ती
260 _c2005
300 _a92
365 _b21
999 _c991047
_d991044